000 00338cam a22001217a 4500
008 180718b2000 xxu||||| |||| 00| 0 eng d
082 _a]AA V559
100 _aVenkataraman, R.
245 _aThe stream of humanism
_cby R. Venkataraman
260 _aNew Delhi
_bGandhi Smriti and Darshan Samiti
_c2000
300 _a95p.
650 _aHumanism
999 _c495250
_d495250